| 000 | 00558nam a2200169 a 4500 | ||
|---|---|---|---|
| 001 | 000023964 | ||
| 005 | 20200930022615.0 | ||
| 008 | 110117s1957 txu r 000 0 spa d | ||
| 040 |
_aDO-SdBNP _bspa _cBNPHU |
||
| 041 | 1 | 7 |
_aspa _heng _2Código de idiomas MARC |
| 082 |
_annnn _bB959i |
||
| 100 | 1 |
_aBurkhalter, Frank E. _949298 |
|
| 245 | 1 | 4 |
_aLos intermedios como pescadores de hombres / _cFrank E. Burkhalter ; traducción de S. Juan Juan. |
| 260 |
_aEl paso, Texas : _bCasa Bautista de Publicaciones, _c1957. |
||
| 300 |
_a111 p. ; _c17 cm. |
||
| 049 | _aBNGR | ||
| 999 |
_c23460 _d23460 |
||